Normal view
MARC view
Entry Personal Name
001 - CONTROL NUMBER
- control field: 8723
003 - CONTROL NUMBER IDENTIFIER
- control field: BD-RjUL
005 - DATE AND TIME OF LATEST TRANSACTION
- control field: 20230902174242.0
008 - FIXED-LENGTH DATA ELEMENTS
- fixed length control field: 230902|| aca||aabn | a|a d
040 ## - CATALOGING SOURCE
- Original cataloging agency: BD-RjUL
- Transcribing agency: BD-RjUL
100 ## - HEADING--PERSONAL NAME
- Personal name: Hossain, Md. Azad
670 ## - SOURCE DATA FOUND
- Source citation: Work cat.: (BD-RjUL)81826: Hossain, Md. Azad, Relation between peripheral neuropathy and HbA1c level among type-2 diabetes mellitus outpatients attending in diabetic association general Hospital, Rajshahi, Bangladesh /, 2021